[Event "GCT Cote d Ivoire Blitz 2019"]
[Site "Abidjan"]
[Date "2019.05.11"]
[Round "7"]
[White "So, Wesley"]
[Black "Carlsen, Magnus"]
[Result "1/2-1/2"]
[WhiteElo "2772"]
[BlackElo "2867"]
[Annotator "TA"]
[PlyCount "77"]
[EventDate "2019.05.05"]
[EventType "tourn"]
[EventCountry "IVO"]
[SourceTitle "playchess.com"]
[Source "ChessBase"]
[SourceQuality "1"]

{[%evp 14,77,39,32,33,38,28,27,39,19,10,10,35,31,41,25,70,62,62,70,70,69,71,68,72,59,68,50,50,41,26,0,53,63,118,98,88,37,110,110,182,177,159,133,133,133,127,0,0,0,0,0,0,0,0,0,0,0,0,0,0,0,0,0,0,0]} 1. e4 c5 2. Nf3 Nc6 3. d4 cxd4 4. Nxd4 e5 5. Nb5 d6 6. N1c3 a6 7. Na3 Be7 8. Nc4 b5 {B32: Sicilian: Löwenthal and Kalashnikov Variations} 9. Ne3 $1 Nf6 10. g3 h5 {White has an edge.} 11. h4 Nd4 $146 ({Predecessor:} 11... b4 12. Ncd5 Rb8 13. Bg2 Nxd5 14. Nxd5 Bg4 15. Qd3 Nd4 16. f3 {0-1 (28) Souleidis,G (2411)-Naiditsch,A (2685) Stockholm 2010}) 12. Bg2 Be6 13. Ncd5 Nxd5 14. Nxd5 Bxd5 15. exd5 g6 16. c3 Nf5 17. a4 O-O 18. Qd3 Rb8 19. axb5 axb5 20. O-O b4 21. Bd2 bxc3 22. Bxc3 Ng7 ({Black should try} 22... Nd4 $11) 23. Ra7 $14 f5 (23... Re8 $14) 24. Ba5 $36 {[%mdl 2048] White has strong initiative.} Qe8 25. b4 (25. Rc1 $16) 25... Rf7 ({Better is} 25... e4 $14 26. Qd2 Rf7) 26. Rc1 $16 Bd8 {[#]} (26... e4 $16 27. Qa6 Bf8) 27. Rxf7 $1 $18 Qxf7 28. Bxd8 Rxd8 29. Qa6 f4 30. Rc8 ({White must play} 30. b5 $16 Qf5 31. b6) 30... Rxc8 $11 {The position is equal.} 31. Qxc8+ Kh7 32. b5 {[#] Threatens to win with b6.} fxg3 33. fxg3 Qa7+ 34. Kh2 Nf5 {aiming for ...Qe3.} 35. Qf8 Nh6 (35... Qf2 $5 36. Qf7+ $8 Kh6 37. Qf8+ Kh7 38. Qf7+ Kh6 39. Qf8+ Kh7 $11) 36. Qxd6 Ng4+ 37. Kh3 Nf2+ 38. Kh2 Ng4+ 39. Kh3 {Accuracy: White = 75%, Black = 62%.} 1/2-1/2

[Event "GCT Cote d Ivoire Blitz 2019"]
[Site "Abidjan"]
[Date "2019.05.11"]
[Round "7"]
[White "Topalov, Veselin"]
[Black "Vachier-Lagrave, Maxime"]
[Result "1-0"]
[WhiteElo "2736"]
[BlackElo "2792"]
[Annotator "TA"]
[PlyCount "71"]
[EventDate "2019.05.05"]
[EventType "tourn"]
[EventCountry "IVO"]
[SourceTitle "playchess.com"]
[Source "ChessBase"]
[SourceQuality "1"]

{[%evp 11,71,16,23,29,20,17,21,18,24,-18,-28,-45,26,-10,-10,-10,-10,-5,5,0,14,0,8,10,6,-5,0,-17,-14,-6,48,-29,29,26,83,24,237,180,472,381,378,358,348,137,144,141,161,134,137,117,127,105,535,535,817,817,817,811,4710,821,4802,795]} 1. c4 c5 2. g3 g6 3. Bg2 Bg7 4. Nc3 Nc6 5. b3 Nf6 6. Bb2 O-O 7. e3 {A36: Symmetrical English vs ...g6: 4 Bg2 Bg7} (7. Nf3 d6 8. d4 Bg4 9. d5 Na5 10. Nd2 a6 11. O-O Bd7 12. Qc2 b5 13. Rae1 bxc4 14. bxc4 Rb8 15. Nd1 {1-0 (52) Jobava,B (2627)-Mamedov,R (2703) St Petersburg 2018}) 7... e6 8. Nge2 d5 9. O-O {The position is equal.} Re8 $146 ({Predecessor:} 9... d4 10. exd4 cxd4 11. Nb5 e5 12. Ba3 a6 13. Nd6 Qa5 14. Qc1 Rd8 15. Nxc8 Raxc8 {½-½ (46) Hare,T (2060)-Camer,A (1925) Cammeray 2010}) 10. d3 d4 11. exd4 Nxd4 (11... cxd4 $15 12. Ne4 Nxe4 13. Bxe4 e5) 12. Nxd4 (12. Na4 {keeps more tension.} Bf8 13. f4 Nf5 14. Qd2 h5 15. h3) 12... cxd4 13. Ne4 Nxe4 14. Bxe4 Rb8 15. b4 b6 16. a4 Bb7 17. Bxb7 Rxb7 18. Qf3 Rbe7 19. a5 e5 20. axb6 Qxb6 (20... axb6 $11 21. c5 bxc5 22. bxc5 Qb8) 21. Rfe1 ({Better is} 21. b5 $14) 21... e4 ({Black should try} 21... Qxb4 22. Ba3 Qb7 23. Qxb7 Rxb7) 22. dxe4 $11 Qc6 {[#]} (22... Rc7 $11) 23. c5 (23. Qd3 $1 $16) 23... Rxe4 $2 (23... Rb7 $11 {and Black has nothing to worry.}) 24. Kg2 {Hoping for b5.} d3 $2 (24... f5) 25. Bxg7 Kxg7 26. Rxa7 Qd5 27. Rd1 $2 $40 {[%mdl 128] Black is in trouble.} (27. c6 $18 {has better winning chances.} d2 28. Rd1 (28. Rxe4 d1=Q $16)) 27... Rd4 $16 28. Qxd5 Rxd5 {[%mdl 4096] Endgame KRR-KRR} 29. c6 {And now Rb7 would win.} Rc8 30. Rd7 Rb5 31. Rb7 Rd5 $2 {[%mdl 8192]} (31... Rxb7 $16 32. cxb7 Rb8) 32. b5 $18 {[%cal Bb4b5,Bb5b6][%mdl 32] White is clearly winning.} Kf6 33. c7 Ke7 34. b6 Kd7 35. Rb8 (35. Ra7 $142 Rb5 36. b7 Rxc7 37. Rxd3+ Ke6 {[#]} 38. b8=Q $1 {[%mdl 512]} Rxb8 39. Rxc7) 35... Rd6 36. Kf3 {Accuracy: White = 33%, Black = 24%.} (36. Rxc8 $142 Kxc8 37. Rb1 Rxb6 38. Rxb6) 1-0

[Event "GCT Cote d Ivoire Blitz 2019"]
[Site "Abidjan"]
[Date "2019.05.11"]
[Round "8"]
[White "Nakamura, Hikaru"]
[Black "So, Wesley"]
[Result "1-0"]
[WhiteElo "2805"]
[BlackElo "2772"]
[Annotator "TA"]
[PlyCount "69"]
[EventDate "2019.05.05"]
[EventType "tourn"]
[EventCountry "IVO"]
[SourceTitle "playchess.com"]
[Source "ChessBase"]
[SourceQuality "1"]

{[%evp 13,97,0,0,0,0,0,0,0,0,0,0,0,0,0,0,0,12,0,0,-29,-26,-49,0,0,0,0,0,0,0,0,14,10,16,0,0,0,52,60,66,70,85,85,85,85,97,83,256,256,251,251,400,393,474,487,467,488,768,700,806,803,720,712,819,787,724,689,687,677,651,631,565,548,650,644,795,758,818,803,841,831,1205,1187,4702,2647,29988,29989]} 1. Nf3 d5 2. e3 Nf6 3. c4 e6 4. b3 Be7 5. Bb2 O-O 6. Nc3 c5 7. cxd5 Nxd5 8. Nxd5 {A13: English Opening: 1...e6} (8. Be2 b6 9. Nxd5 exd5 10. d4 a5 11. dxc5 bxc5 12. O-O Be6 13. Bb5 Qb6 14. Qe2 Nc6 15. Rac1 Rac8 {0-1 (47) Nakamura,H (2746)-Caruana,F (2832) London 2018}) (8. d4 cxd4 9. Nxd5 Qxd5 10. Qxd4 Qxd4 11. Nxd4 Bb4+ 12. Ke2 Rd8 13. f4 b6 14. Kf2 Bb7 15. Rc1 Bc5 {½-½ (67) Nakamura,H (2777)-So,W (2780) chess.com INT 2018}) 8... exd5 9. d4 Nc6 10. Be2 {The position is equal.} cxd4 11. Nxd4 Qa5+ 12. Kf1 Nxd4 13. Bxd4 Bf5 $146 ({Predecessor:} 13... Be6) 14. Bd3 Be4 15. Bxe4 dxe4 16. Qg4 {[%csl Gd4][%cal Rg4g7] [#]} Bf6 17. Qxe4 Qa6+ 18. Kg1 Rfe8 19. Qf4 Bxd4 20. Qxd4 Rad8 21. Qb2 Rd5 22. h4 Red8 23. Rh3 Rd2 24. Qe5 R2d5 (24... Rxa2 $11 25. Rxa2 Qxa2) 25. Qf4 $14 h5 26. Rf3 Qe6 27. Rc1 Rd1+ 28. Rxd1 Rxd1+ $16 {[%mdl 4096] Endgame KQR-KQR} 29. Kh2 Rd2 $2 (29... Qd6 $16) 30. Qb8+ $18 Kh7 31. Qxb7 f6 (31... Rd7 {was necessary.} 32. Qb4 Qa6) 32. Qxa7 Qe5+ 33. Rg3 {[%csl Gg3][%cal Ra7g7] [#]} f5 34. f4 Qa1 (34... Qf6 $142 35. Rg5 Kh6) 35. Qa5 {Played: Qa7-f7} 1-0

[Event "GCT Cote d Ivoire Blitz 2019"]
[Site "Abidjan"]
[Date "2019.05.11"]
[Round "8"]
[White "Vachier-Lagrave, Maxime"]
[Black "Karjakin, Sergey"]
[Result "1/2-1/2"]
[WhiteElo "2792"]
[BlackElo "2773"]
[Annotator "TA"]
[PlyCount "147"]
[EventDate "2019.05.05"]
[EventType "tourn"]
[EventCountry "IVO"]
[SourceTitle "playchess.com"]
[Source "ChessBase"]
[SourceQuality "1"]

{[%evp 12,147,12,16,22,-6,0,-13,-4,0,-16,0,-2,-3,0,0,0,0,0,0,0,0,0,-16,0,0,0,0,0,0,0,0,10,12,11,11,13,0,0,0,-6,-14,0,0,0,0,0,0,0,-4,0,-29,-29,-29,-29,-20,-18,-18,-18,-18,-18,-18,-18,-18,-18,-18,-11,-11,-11,-11,-11,-11,-11,-11,-11,-11,-6,-16,-16,-16,0,0,-11,-14,0,0,0,0,0,0,0,0,0,0,0,0,8,8,8,8,8,8,8,8,8,8,8,8,8,8,8,8,8,8,8,0,0,0,0,0,0,0,0,0,0,0,0,0,0,0,0,0,0,0,0,0,0,0]} 1. c4 Nf6 2. Nc3 e5 3. Nf3 Nc6 4. g3 Bb4 5. Bg2 O-O 6. O-O d6 7. d3 h6 {A29: English Opening: Four Knights Variation with 4 g3} (7... Bxc3 8. bxc3 e4 9. Nd4 exd3 10. exd3 Nxd4 11. cxd4 d5 12. Bg5 c6 13. cxd5 cxd5 14. Qb3 b6 15. Rae1 h6 16. Bxf6 Qxf6 17. Re5 Be6 {1-0 (37) Kramnik,V (2792)-Duda,J (2737) Dortmund 2018}) 8. h3 a6 $146 ({Predecessor:} 8... Be6 9. a3 Bc5 10. b4 Bb6 11. Bb2 Re8 12. Rc1 Nd4 13. Nxd4 Bxd4 14. e3 Bb6 15. Na4 {1-0 (63) Maslak,K (2539)-Balogh,C (2616) Moscow 2007}) 9. Na4 Re8 10. Be3 d5 11. cxd5 Nxd5 12. Bc5 Bxc5 13. Nxc5 b6 14. Ne4 Be6 15. Rc1 Qd7 16. a3 Rad8 17. Kh2 a5 18. Qa4 Nd4 19. Qxd7 Nxf3+ ({Much weaker is} 19... Rxd7 20. Nxe5 Rdd8 21. Nc6 $16) 20. Bxf3 Rxd7 21. Nd2 Ne7 22. b4 axb4 23. axb4 Bd5 24. b5 Bxf3 25. Nxf3 f6 26. Rc4 Nf5 27. Rfc1 Ree7 28. Rb4 Re8 29. Rbc4 Ree7 30. Ra1 Rd5 31. Rb4 Nd6 32. Rab1 $1 e4 33. dxe4 Nxe4 {The position is equal.} 34. Kg2 Nc3 35. R1b3 Nxe2 36. Rc4 Red7 37. Rbb4 $1 Rd3 38. Rc2 $1 {[%cal Rc2e2]} Nd4 39. Nxd4 R3xd4 40. Rxd4 Rxd4 41. Rxc7 $11 {[%mdl 4096] Endgame KR-KR} Rd5 42. Rb7 Rxb5 43. g4 $1 Kh7 44. h4 h5 45. gxh5 Kh6 46. Kg3 Rb1 47. Kg4 b5 {[%cal Bb6b5,Bb5b4,Bb4b3][%mdl 32]} 48. Rb8 {[%cal Rb8h8] [#]} Kh7 (48... Rg1+ {keeps more tension.} 49. Kf5 Kh7 50. Rxb5 Rf1 51. Rb2 Kh6) 49. f4 b4 50. Kf5 b3 51. h6 b2 52. hxg7 Kxg7 53. h5 Rh1 54. Rb7+ Kf8 55. Rxb2 Rxh5+ 56. Kg6 Ra5 57. f5 Ra1 58. Rb6 Rg1+ 59. Kxf6 {[%cal Rb6b8] [#]} Kg8 $1 60. Ke7 Re1+ 61. Re6 Ra1 62. Rg6+ Kh7 63. Rd6 Ra7+ 64. Rd7 (64. Ke6 {with more complications.} Kh6 65. Ke5+ Kg5 66. Rg6+ Kh5 67. Rb6) 64... Ra8 65. Kf6+ (65. Rd8 {is interesting.} Ra6 66. Rf8 Ra7+ 67. Kf6 Ra6+ 68. Kg5) 65... Kh6 66. Kf7 {aiming for Rd6+.} Rb8 67. f6 Ra8 68. Rb7 Kh7 69. Ke6+ Kg6 70. f7 Kg7 71. Ke7 Rf8 72. Rd7 Rxf7+ 73. Ke6 Rxd7 74. Kxd7 {Accuracy: White = 79%, Black = 75%.} 1/2-1/2

[Event "GCT Cote d Ivoire Blitz 2019"]
[Site "Abidjan"]
[Date "2019.05.11"]
[Round "8"]
[White "Ding, Liren"]
[Black "Topalov, Veselin"]
[Result "1-0"]
[WhiteElo "2786"]
[BlackElo "2736"]
[Annotator "TA"]
[PlyCount "107"]
[EventDate "2019.05.05"]
[EventType "tourn"]
[EventCountry "IVO"]
[SourceTitle "playchess.com"]
[Source "ChessBase"]
[SourceQuality "1"]

{[%evp 19,107,0,0,0,35,23,22,16,11,0,35,10,8,6,14,13,14,13,26,27,22,0,37,14,51,46,71,55,163,159,149,139,155,68,64,79,74,16,16,23,45,48,50,29,42,14,108,72,75,81,106,100,106,106,102,94,95,97,150,118,163,175,164,186,164,131,142,142,156,147,267,267,1349,1273,1658,1643,1377,198,29972,29969,2393,198,198,194,194,189,197,197,197,197]} 1. d4 Nf6 2. c4 e6 3. Nf3 d5 4. g3 Bb4+ 5. Bd2 Be7 6. Bg2 O-O 7. O-O Nbd7 8. Qc2 c6 9. Bf4 b6 10. cxd5 cxd5 11. Rc1 {E08: Closed Catalan: Main Line: 7 Qc2} Ba6 (11... Bb7 12. Bc7 Qe8 13. Qb3 Nb8 14. a4 Ne4 15. Nc3 Nxc3 16. Rxc3 Na6 17. Bf4 Bb4 18. Rc2 Qe7 19. Rac1 Rac8 20. Ne5 Rxc2 21. Qxc2 {½-½ (48) Ding,L (2812)-Karjakin,S (2753) Astana 2019}) 12. Nc3 Nh5 13. Bd2 {The position is equal.} Nhf6 14. Bf4 Nh5 15. Be5 Nhf6 $146 ({Predecessor:} 15... Nxe5 16. dxe5 g6 17. Qa4 Bb7 18. Nb5 a6 {½-½ (80) Kunte,A (2495)-Suvrajit,S (2241) Noida 2016}) 16. e3 h6 17. Qd1 Nxe5 18. Nxe5 Bd6 19. f4 Bb7 20. Rc2 a6 21. Rac1 Qe7 22. Na4 Qd8 23. Qd3 Ne4 (23... b5 $14 24. Nc5 Qe7) 24. Nc6 $1 $18 {[%cal Rc6d8]} Bxc6 25. Rxc6 b5 26. Nc5 ({Better is} 26. Nb6 $16 Rb8 27. Nc8) 26... Nxc5 $14 27. dxc5 Be7 28. e4 (28. f5 $1 $16 {[%cal Rf5e6]} Qe8 29. Rb6) 28... dxe4 $1 $11 29. Qxd8 Rfxd8 30. Bxe4 {Strongly threatening Rc7.} Ra7 31. Rc2 g5 32. Rb6 Rd4 (32... Rc7 $11 33. c6 (33. Rxa6 Rxc5 34. Rc6 Rxc2 $11) 33... f5) 33. Rb7 Rxb7 34. Bxb7 $16 {[%mdl 4096] Endgame KRB-KRB} Bd8 35. fxg5 hxg5 36. Bxa6 b4 {[#]} 37. Kf2 $1 Kg7 38. Ke3 e5 ({Black should play} 38... Rd7) 39. Bd3 Rd5 40. c6 {Black must now prevent c7.} Bb6+ 41. Ke2 {And now c7 would win.} Bc7 42. g4 Rd4 {[#]} 43. Rc4 $1 Rxc4 44. Bxc4 {KB-KB} e4 (44... Kg6 $16 45. Bd3+ Kf6) 45. Ke3 $18 Bxh2 $2 (45... Kf8 46. Kxe4 Ke7) 46. Kxe4 Kf6 47. Kd5 Ke7 48. Kc5 Bd6+ $2 (48... Kd8 $18 49. Kxb4 Be5) 49. Kb6 Kd8 50. Bxf7 $2 (50. Kb7 f5 51. gxf5) 50... Kc8 {White is clearly better.} 51. Be6+ Kb8 52. Bf5 Bc7+ 53. Kc5 Be5 54. b3 {Accuracy: White = 58%, Black = 34%.} 1-0

[Event "GCT Cote d Ivoire Blitz 2019"]
[Site "Abidjan"]
[Date "2019.05.11"]
[Round "8"]
[White "Wei, Yi"]
[Black "Carlsen, Magnus"]
[Result "1/2-1/2"]
[WhiteElo "2737"]
[BlackElo "2867"]
[Annotator "TA"]
[PlyCount "89"]
[EventDate "2019.05.05"]
[EventType "tourn"]
[EventCountry "IVO"]
[SourceTitle "playchess.com"]
[Source "ChessBase"]
[SourceQuality "1"]

{[%evp 18,89,6,12,10,12,19,16,18,-41,-47,-37,-41,-37,-16,-12,-11,-68,-65,-115,-118,-119,-79,-93,-107,-102,-83,-151,-166,-163,-135,-146,-149,-155,-135,-242,-141,-192,-213,-183,-132,-114,-87,-92,-38,-45,-43,-480,-495,-516,-610,-595,-579,-518,0,0,0,0,6,0,0,0,0,0,0,0,0,0,0,0,0,0,0,0]} 1. e4 c5 2. Nf3 Nc6 3. c3 Nf6 4. e5 Nd5 5. d4 cxd4 6. cxd4 d6 7. Bc4 e6 8. O-O Be7 9. exd6 Qxd6 10. Nc3 O-O {B22: Sicilian: 2 c3} 11. Re1 Rd8 12. a3 Nb6 $146 ({Predecessor:} 12... a6 13. Be3 Nxe3 14. fxe3 b6 15. Rc1 Bb7 16. Ba2 Rac8 17. Ne4 Qd7 18. Nfg5 Bxg5 19. Nxg5 {½-½ (34) Jones,G (2640)-Svidler,P (2768) Wijk aan Zee 2018}) 13. Ba2 (13. Bd3 $11) 13... Nxd4 $15 14. Ne4 Nxf3+ 15. Qxf3 Qe5 16. Bd2 Bd7 17. Bc3 ({Better is} 17. h4 $11) 17... Qf5 $1 18. Qg3 {[%csl Gc3][%cal Rg3g7]} Qg6 19. Qh3 Bc6 20. Bb1 {With the idea Nf6+!} f5 $36 {[%mdl 2048] Black has strong initiative.} 21. Ng3 {[%cal Rb1f5]} Nd5 {Hoping for ...Nf4.} 22. Be5 (22. Ba2 $142) 22... Bf6 $17 23. Ba2 Kh8 {White must now prevent ...Bxe5.} 24. Nh5 Bxe5 25. Rxe5 Qh6 $1 26. Rae1 (26. g3 $17) 26... Rd6 (26... g6 $19 27. Bxd5 exd5) 27. b4 (27. g3 $17) 27... Rad8 28. Bb3 Qg5 (28... Nf6 $19 29. Nxf6 Qxh3 30. gxh3 gxf6) 29. g3 g6 30. Bxd5 Bxd5 ({Black should try} 30... Rxd5 $17 31. Rxd5 Bxd5) 31. Nf4 $15 Bc4 32. Nxe6 $2 {[%mdl 8192]} (32. Qg2 $15 Qe7 33. Qf3) 32... Bxe6 $19 33. Rxe6 Rxe6 34. Rxe6 $15 {[%mdl 4096] Endgame KQR-KQR} Qc1+ 35. Kg2 {[#] And now Qh4! would win.} Qc4 $2 (35... Rd1 $1 $19 {[%cal Rd1g1] aiming for ...Rg1+.} 36. Re8+ Kg7 37. Re7+ {[#]} Kf6 $1 {[%mdl 512]} 38. Qh4+ (38. Qxh7 {is a self mate.} Rg1+ 39. Kf3 Qd1+ 40. Re2 Qd3+ {[%mdl 64] Double Attack} 41. Re3 Qd5+ 42. Kf4 g5#) 38... g5 39. Qh6+ (39. Qxh7 {leads to mate.} Rg1+ 40. Kf3 g4+ 41. Ke2 Re1+ 42. Kd3 Rd1+ 43. Ke2 Qd2#) 39... Kxe7 40. Qxh7+ Kf6 41. Qh6+ Ke5 42. Qg7+ Kd5 43. Qxb7+ Kc4 44. Qf7+ Kc3 45. Qxf5 Kb2 46. Qf6+ Kxa3 47. Qf3+ Ka4) 36. Re1 $11 {The position is equal.} Qc6+ 37. Kg1 Re8 38. Qf1 Rxe1 39. Qxe1 {KQ-KQ} a6 40. Qe5+ Kg8 41. Qe7 b5 42. h4 Qc1+ 43. Kg2 Qxa3 44. Qe8+ Kg7 45. Qe7+ {Accuracy: White = 51%, Black = 63%.} 1/2-1/2

[Event "GCT Cote d Ivoire Blitz 2019"]
[Site "Abidjan"]
[Date "2019.05.11"]
[Round "8"]
[White "Amin, Bassem"]
[Black "Nepomniachtchi, Ian"]
[Result "0-1"]
[WhiteElo "2683"]
[BlackElo "2776"]
[Annotator "TA"]
[PlyCount "116"]
[EventDate "2019.05.05"]
[EventType "tourn"]
[EventCountry "IVO"]
[SourceTitle "playchess.com"]
[Source "ChessBase"]
[SourceQuality "1"]

{[%evp 12,116,22,24,33,39,34,34,56,52,61,57,47,32,67,28,22,0,0,0,1,0,11,0,0,0,0,0,0,0,0,0,0,0,0,0,0,0,0,-37,-30,-43,-52,-50,-46,-122,-124,-130,-123,-223,-120,-137,-114,-107,-68,-65,-68,-72,-62,-157,-79,-123,-128,-118,-127,-323,-305,-598,-190,-407,-168,-168,-168,-160,-168,-160,-153,-154,-153,-167,-31,-182,-181,-158,-143,-161,-147,-29959,-29943,-29959,-12846,-29940,-9475,-6418,-3181,-29963,-29965,-7834,-6382,-29981,-29982,-29982,-29983,-29979,-29981,-29980,-29981]} 1. e4 e5 2. Nf3 Nc6 3. Bc4 Nf6 4. d3 Be7 5. O-O O-O 6. h3 d6 7. a4 a5 {C55: Two Knights: 4 d3, 4 d4 exd4 5 e5 and Max Lange Attack} 8. Re1 (8. Nbd2 Nd7 9. Re1 Nb6 10. Bb3 Kh8 11. c3 f5 12. exf5 Bxf5 13. Nf1 Bg6 14. Ng3 Bf6 15. Ne4 {½-½ (41) Radjabov,T (2756)-Carlsen,M (2845) Shamkir 2019}) 8... Be6 9. Na3 $146 ({Predecessor:} 9. Nc3 Bxc4 10. dxc4 Nb4 11. b3 Re8 12. Nd5 Na6 13. Nxf6+ Bxf6 14. Ba3 Nb8 15. Qd3 {½-½ (43) Malakhov,V (2712)-Predke,A (2566) Sochi 2017}) 9... d5 {White is slightly better.} 10. exd5 Bxd5 11. Bxd5 ({Reject} 11. Nxe5 Nxe5 12. Bxd5 (12. Rxe5 Bxa3 13. Rxd5 Nxd5 $15) 12... Qxd5 $15) 11... Qxd5 12. Nb5 Rac8 13. Bg5 h6 14. Bxf6 (14. Bh4 {looks sharper.} Rfe8 15. Bg3 Bd6 16. c3 b6 17. Nh2) 14... Bxf6 15. Qe2 Rfe8 16. Qe4 Qd7 17. c3 g6 18. Rad1 Bg7 19. Qg4 Rcd8 20. Qxd7 Rxd7 21. d4 Red8 {[%cal Re5d4]} 22. d5 Rxd5 23. Rxd5 Rxd5 24. Nxc7 Rd7 25. Nb5 f5 $36 {[%mdl 2048] Black is pushing.} 26. Re2 Rd1+ 27. Re1 Rd8 28. Kf1 (28. Nh2 $15) 28... e4 $17 29. Ng1 Ne5 30. f3 (30. b3 $17) 30... Nc4 (30... Rd2 $1 $19 31. Re2 Rd1+ 32. Re1 Rd2) 31. fxe4 fxe4 32. b4 b6 33. bxa5 bxa5 34. Ne2 Rd2 35. Nf4 (35. Ng3 $15) 35... Ra2 ({Black should play} 35... e3 {Hoping for ...Rf2+.} 36. g3 g5) 36. Kg1 e3 37. Nxg6 Bf6 38. Nf4 $2 (38. Nd4 $17) 38... Bh4 $1 $19 {[%cal Rh4e1]} ({Not} 38... Rxa4 39. Nd4 $17) 39. Re2 $2 (39. Rd1 {might work better.} Bg3 40. Rd8+ Kf7 41. Rd1) 39... Rxa4 $2 (39... Rd2 {aiming for ...Bg3.} 40. g3 Bxg3) 40. Kh2 $2 (40. g4) 40... Ra1 (40... Nd2 $142 41. Nd3 Nf1+ 42. Kg1 Ra1) 41. g3 Bg5 $1 42. Nd5 Rd1 $1 {[%cal Rd1d5]} 43. Nd4 Rd2 44. h4 Bd8 45. Kg2 Bb6 (45... a4 $19 {White must now prevent ...a3.} 46. Kf3 a3 47. Rxd2 exd2) 46. Kf3 $2 ({White must play} 46. Nxb6 $15 Nxb6 47. Kf3) 46... Bxd4 47. cxd4 {[%mdl 4096] Endgame [#] KRN-KRN} a4 $1 {[%cal Ba5a4,Ba4a3][%mdl 32]} (47... Rxd4 48. Nxe3 Rd3 49. g4 $19) 48. Nc3 a3 49. Rxd2 $4 {[%mdl 8192]} (49. g4 $17) 49... exd2 $17 {KN-KN} 50. Ke2 {[#]} h5 $1 51. Kd1 Kf7 (51... Kg7 $142 52. d5 Kg6 53. Ke2 Kf5 54. Kd1 Kg4 55. Kc2 Kf3 56. Kd1 Kxg3 57. d6 Nxd6 58. Kxd2 Kxh4 59. Kc2 Kg4 60. Ne2 h4 61. Ng1 Ne4 62. Kb3 Nd2+ 63. Kxa3 Nf3 64. Ne2 h3 65. Nc3 h2 66. Kb4 h1=Q 67. Nd5 Ne5 68. Nc3 Qb7+ 69. Kc5 Qc6+ 70. Kd4 Nf3+ 71. Kd3 Qa6+ 72. Nb5 Qxb5+ 73. Kc3 Qc5+ 74. Kd3 Qc7 75. Ke4 Qd8 76. Ke3 Qd2+ 77. Ke4 Qd4#) 52. Kc2 $19 Ke6 (52... Kg6 $142 53. d5 Kf5) 53. Kd1 Kf5 54. Ke2 Kg4 55. Kd1 Kxg3 {Black mates.} 56. d5 Kxh4 57. d6 Nxd6 58. Kxd2 {[#]} Ne4+ $1 {[%mdl 576] Promotion. Accuracy: White = 39%, Black = 57%.} 0-1

[Event "GCT Cote d Ivoire Blitz 2019"]
[Site "Abidjan"]
[Date "2019.05.11"]
[Round "9"]
[White "Carlsen, Magnus"]
[Black "Nakamura, Hikaru"]
[Result "1/2-1/2"]
[WhiteElo "2867"]
[BlackElo "2805"]
[Annotator "TA"]
[PlyCount "90"]
[EventDate "2019.05.05"]
[EventType "tourn"]
[EventCountry "IVO"]
[SourceTitle "playchess.com"]
[Source "ChessBase"]
[SourceQuality "1"]

{[%evp 15,90,0,0,-5,22,0,-7,-10,1,0,0,0,0,0,3,0,10,9,29,28,44,11,8,9,11,11,6,10,13,0,6,0,25,14,16,10,19,23,22,25,16,0,0,0,0,0,0,0,0,0,0,0,0,0,0,0,1,0,12,0,11,0,0,0,0,0,0,0,0,0,0,0,0,0,0,0,0]} 1. e4 e5 2. Nf3 Nc6 3. Nc3 Nf6 4. d4 exd4 5. Nxd4 Bb4 6. Nxc6 bxc6 7. Bd3 O-O 8. O-O d5 9. exd5 {C47: Scotch Four Knights and Four Knights with 4 g3} Bg4 (9... cxd5 {with more complications.} 10. h3 c6 11. Bf4 Bd6 12. Qf3 Be6) (9... cxd5 10. Bg5 c6 11. Qf3 Bd6 12. Rae1 Rb8 13. Nd1 h6 14. Bxf6 Qxf6 15. Qxf6 gxf6 16. b3 Kg7 17. Ne3 Re8 18. Nf5+ Bxf5 19. Bxf5 Re5 20. Bd7 Rb6 21. g3 {½-½ (43) Rapport,R (2726)-Ding,L (2809) Shenzhen 2019}) 10. Be2 (10. f3 {seems wilder.} Bh5 11. g4 Bg6 12. Bxg6 hxg6 13. dxc6 Bxc3 14. bxc3 Qe7 15. Qd4) 10... Bxe2 11. Nxe2 cxd5 12. Bg5 Be7 13. Nd4 $146 ({Predecessor:} 13. Qd3 Re8 14. c4 dxc4 15. Qxc4 Ne4 16. Bxe7 Qxe7 {½-½ (30) Tari,A (2618)-Matlakov,M (2683) Porto Carras 2018}) 13... Qd7 14. Qd3 Rfe8 15. Rad1 Ne4 16. Bxe7 Rxe7 17. c4 Rae8 18. cxd5 Qxd5 19. Qb5 Qxb5 20. Nxb5 a6 21. Nd4 g6 22. f3 Nd6 23. Rf2 Nb5 {[#] Strongly threatening ...Re1+.} 24. Nc2 h5 25. Rfd2 Kg7 26. Nb4 Re6 27. a4 Na7 28. Nd5 {The position is equal.} Rc6 29. Kf2 Rb8 30. Re1 Rd6 {[#] White must now prevent ...Rbd8.} 31. Red1 Rbd8 {Hoping for ...c6.} 32. Ke1 Re8+ 33. Re2 Red8 34. Ne3 (34. Red2 {is more complex.}) 34... Nc6 35. Rxd6 Rxd6 $11 {[%mdl 4096] Endgame KRN-KRN} 36. Rd2 Re6 37. Kf2 Ne5 38. b3 Rb6 39. f4 Nc6 40. Rd3 Na5 41. Nd5 Rxb3 42. Rxb3 Nxb3 43. Nxc7 Nc5 44. a5 Nb7 45. Nxa6 Nxa5 {Accuracy: White = 68%, Black = 66%.} 1/2-1/2